000 00574nam a2200193Ia 4500
001 11902
003 GE_BSU
008 181216s||||||||xx |||||||||||||| ||und||
040 _cGE_BSU
080 _a576.8(075.8)
100 _aКрасильников,Н.А.
245 _aМикроорганизмы почвы и высшие растения
260 _aМосква
260 _bАкад.Наук СССР
260 _c1958
300 _a462стр.27см.ил.
653 _aМикроорганизмы почвы и высшие растения
942 _cBK
999 _c45079
_d45079